000 00634nam a2200241Ia 4500
003 OSt
005 20220918204520.0
006 a|||||r|||| 00| 0
007 ta
008 220917b |||||||| |||| 00| 0 eng d
024 _a113,076
037 _cTextual
040 _aARTS
_cARTS
_beng
041 _2eng
_aeng
082 _aV58y7M70, L5
100 _aLeiehman Marcel
_9112263
245 0 _aLeninism under Lenin tr by Brian Pearce
260 _aLondon
_bPerlin Press
_c1975
300 _a477p.
_ccm.
650 _aHISTORY
942 _hV58y7M70, L5
_cTEXL
_2CC
999 _c236409
_d236409